Československé výzkumné zprávy a disertace 1987

Guardado en:
Detalles Bibliográficos
Formato: Libro
Lenguaje:checo
Publicado: Praha Ústředí vědeckých, technických a ekonomických informací 1987
Etiquetas: Agregar Etiqueta
Sin Etiquetas, Sea el primero en etiquetar este registro!

MARC

LEADER 00000nam a2200000 4500
001 c034657
005 20250613074252.5
041 0 |a cze 
044 |a CZ 
245 1 0 |a Československé výzkumné zprávy a disertace 1987 
264 1 |a Praha  |b Ústředí vědeckých, technických a ekonomických informací  |c 1987 
300 |a 184 s.